00312nam a2200121Ia 4500008004000000020001600040082001700056100002400073245001800097260004600115300001200161650001700173210210b1989 xxu||||| |||| 00| 0 eng d a7069 4502 6 a346.065 KULB aKULSHRESHTHA (V D). aBusiness law. aNDbVikas Publishing House Pvt Ltd.c1989 axxi,394 aBusiness law